000 00313nam a2200121Ia 4500
005 20260326235441.0
008 260326s9999||||xx |||||||||||||| ||und||
100 _aPlazas, Jorge
245 0 _aNuevas Formas de Urbanismo para Bogotá /
_cJorge Plazas
260 _bPonce de León
650 _aURBANISMO
942 _cBK
999 _c7393
_d7393